[Event "Goch op 21st"]
[Site "Goch"]
[Date "2010.10.03"]
[Round "7"]
[White "Kuelzer, Marius"]
[Black "Hahn, Moritz"]
[Result "1/2-1/2"]
[WhiteElo "1852"]
[BlackElo "2076"]
[PlyCount "91"]
[EventDate "2010.09.30"]
[EventType "swiss"]
[EventRounds "7"]
[EventCountry "GER"]
[SourceTitle "EXT 2012"]
[Source "ChessBase"]
[SourceDate "2011.11.24"]
[SourceVersion "1"]
[SourceVersionDate "2011.11.24"]
[SourceQuality "1"]

1. d4 e6 2. Nf3 f5 3. c4 Nf6 4. e3 Bb4+ 5. Nbd2 b6 6. Bd3 Bb7 7. 0-0 0-0 8. a3 Be7 9. b4 Ne4 10. Nb3 d6 11. Qc2 Nd7 12. Rb1 Rb8 13. d5 exd5 14. Nbd4 Rf6 15. cxd5 Bxd5 16. Bc4 Bxc4 17. Qxc4+ Kh8 18. Nc6 Qe8 19. Nxb8 Qxb8 20. Bb2 Rg6 21. Qf7 Qf8 22. Qxf8+ Bxf8 23. Rbc1 c5 24. Nh4 Rg5 25. f4 Rh5 26. Nf3 Be7 27. Rfd1 Kg8 28. Ne5 Nxe5 29. fxe5 Kf7 30. exd6 Bxd6 31. g3 g6 32. b5 Ke6 33. Rc4 Ke7 34. Ra4 Bb8 35. Rd5 Ng5 36. Kg2 Nf7 37. e4 Ke6 38. Rd1 Nd6 39. e5 Nxb5 40. Rc4 a5 41. a4 Na7 42. Rc2 Nc6 43. Rcd2 Nd4 44. Re1 Rxh2+ 45. Kxh2 Nf3+ 46. Kg2 1/2-1/2

[Event "Dresden ZMD op"]
[Site "Dresden"]
[Date "2010.07.16"]
[Round "7"]
[White "Kuelzer, Marius"]
[Black "Noack, Mario"]
[Result "0-1"]
[WhiteElo "1825"]
[BlackElo "1961"]
[PlyCount "84"]
[EventDate "2010.07.10"]
[EventType "swiss"]
[EventRounds "9"]
[EventCountry "GER"]
[SourceTitle "CBM 137 Extra"]
[Source "ChessBase"]
[SourceDate "2010.09.01"]
[SourceVersion "1"]
[SourceVersionDate "2010.09.01"]
[SourceQuality "1"]

1. d4 Nf6 2. c4 g6 3. Nc3 Bg7 4. e4 d6 5. f3 0-0 6. Be3 e5 7. d5 Nh5 8. g4 Nf4 9. h4 f5 10. gxf5 gxf5 11. Bxf4 exf4 12. Qd2 fxe4 13. Nxe4 Bf5 14. Bd3 Nd7 15. 0-0-0 Ne5 16. Qxf4 Nxd3+ 17. Rxd3 Qe7 18. Ne2 Rae8 19. Nd4 Bg6 20. Qg4 Qe5 21. Rg1 Kh8 22. Rdd1 Bh6+ 23. Ng5 Rf4 24. Rge1 Rxg4 25. Rxe5 dxe5 26. fxg4 exd4 27. Rxd4 Bxg5+ 28. hxg5 Re4 29. Rxe4 Bxe4 30. Kd2 Kg7 31. Ke3 Bg2 32. b4 Kg6 33. Kf4 Kf7 34. a3 Bf1 35. c5 Bg2 36. Ke5 Ke7 37. b5 Bf1 38. a4 a6 39. b6 cxb6 40. cxb6 a5 41. d6+ Kd7 42. Kd5 Bd3 0-1

[Event "Schleswig Holstein-ch U16 VMA"]
[Site "Neumuenster"]
[Date "2004.03.26"]
[Round "9"]
[White "Von Karger, Lucas"]
[Black "Kuelzer, Marius"]
[Result "0-1"]
[WhiteElo "892"]
[BlackElo "1292"]
[PlyCount "100"]
[EventDate "2004.03.20"]
[EventType "swiss"]
[EventRounds "9"]
[EventCountry "GER"]
[SourceTitle "EXT 2006"]
[Source "ChessBase"]
[SourceDate "2005.11.24"]
[SourceVersion "1"]
[SourceVersionDate "2005.11.24"]
[SourceQuality "1"]

1. e4 e6 2. Nf3 d5 3. exd5 exd5 4. d4 Nf6 5. Nc3 Bb4 6. Bb5+ c6 7. Ba4 Qe7+ 8. Be3 Ne4 9. 0-0 Bxc3 10. bxc3 Nxc3 11. Qd3 Nxa4 12. Bg5 Qc7 13. Qa3 Nb6 14. Rfe1+ Be6 15. Rab1 Nc4 16. Qb4 Na6 17. Qc3 h6 18. Bh4 0-0 19. Bg3 Qd7 20. Be5 Nxe5 21. Nxe5 Qc7 22. Qg3 Rab8 23. Ng4 Qxg3 24. hxg3 Bxg4 25. f3 Bf5 26. Rbc1 Rfe8 27. Rxe8+ Rxe8 28. g4 Bg6 29. Kh2 Re2 30. c3 Rxa2 31. Re1 f6 32. f4 Be4 33. Rg1 g5 34. fxg5 hxg5 35. Kh3 Ra3 36. g3 Rxc3 37. Rf1 Kf7 38. Kh2 Rc2+ 39. Kg1 Nb4 40. Rb1 Rg2+ 41. Kf1 Bxb1 42. Kxg2 a5 43. Kf2 a4 44. Ke2 a3 45. Kd2 a2 46. Kc3 a1Q+ 47. Kxb4 b6 48. Kb3 Qa2+ 49. Kb4 Qb2+ 50. Ka4 Bc2# 0-1

[Event "Schleswig Holstein-ch U16 VMA"]
[Site "Neumuenster"]
[Date "2004.03.21"]
[Round "2"]
[White "Kuelzer, Marius"]
[Black "Bulygin, Anton"]
[Result "1/2-1/2"]
[WhiteElo "1292"]
[BlackElo "1141"]
[PlyCount "129"]
[EventDate "2004.03.20"]
[EventType "swiss"]
[EventRounds "9"]
[EventCountry "GER"]
[SourceTitle "EXT 2006"]
[Source "ChessBase"]
[SourceDate "2005.11.24"]
[SourceVersion "1"]
[SourceVersionDate "2005.11.24"]
[SourceQuality "1"]

1. d4 d5 2. c4 e6 3. Nc3 Nf6 4. cxd5 Nxd5 5. e4 Nxc3 6. bxc3 c5 7. Be3 Qa5 8. Bd2 cxd4 9. cxd4 Bb4 10. Nf3 Nc6 11. a3 Bxd2+ 12. Qxd2 Qxd2+ 13. Kxd2 0-0 14. Bb5 Na5 15. Rab1 b6 16. Rhc1 Bb7 17. Bd3 Rfc8 18. Rxc8+ Rxc8 19. Rb4 g6 20. Ne5 Kg7 21. f3 Rd8 22. Ke3 Nc6 23. Nxc6 Bxc6 24. g4 Rd7 25. h4 h6 26. Rb2 Bb7 27. f4 Kf6 28. g5+ hxg5 29. fxg5+ Ke7 30. Rf2 Rc7 31. Kd2 Rd7 32. Ke3 Rc7 33. Rc2 Rxc2 34. Bxc2 Kd6 35. Ba4 a6 36. e5+ Ke7 37. Bb3 Bc6 38. Kd3 b5 39. Kc2 Kd7 40. Kc3 Kc7 41. Kb4 Kb6 42. a4 bxa4 43. Bxa4 Bxa4 44. Kxa4 a5 45. d5 exd5 46. e6 fxe6 47. h5 d4 48. h6 d3 49. h7 d2 50. h8Q d1Q+ 51. Ka3 Qf3+ 52. Kb2 Qg2+ 53. Kb3 Qxg5 54. Qd4+ Qc5 55. Qd8+ Qc7 56. Qd4+ Kb7 57. Qe4+ Qc6 58. Qxg6 Qd5+ 59. Kc3 Qc5+ 60. Kd3 Qa3+ 61. Kd4 Qa4+ 62. Kc3 Qb4+ 63. Kc2 Qc4+ 64. Kd2 Qd4+ 65. Kc2 1/2-1/2

[Event "Schleswig Holstein-ch U16 VM"]
[Site "Neumuenster"]
[Date "2003.03.11"]
[Round "3"]
[White "Kuelzer, Marius"]
[Black "Hertzig, Rene"]
[Result "1-0"]
[WhiteElo "1109"]
[BlackElo "1268"]
[PlyCount "83"]
[EventDate "2003.03.??"]
[EventType "swiss"]
[EventRounds "9"]
[EventCountry "GER"]
[SourceTitle "EXT 2005"]
[Source "ChessBase"]
[SourceDate "2004.11.15"]
[SourceVersion "1"]
[SourceVersionDate "2004.11.15"]
[SourceQuality "1"]

1. Nf3 d5 2. d4 Nf6 3. c4 e6 4. Nc3 Nbd7 5. Bg5 Be7 6. Bxf6 Nxf6 7. e3 0-0 8. Bd3 b6 9. cxd5 Nxd5 10. Qc2 f5 11. Nxd5 exd5 12. Rc1 Bd6 13. Qc6 Be6 14. Ke2 f4 15. Rhe1 Bb4 16. Qxe6+ Kh8 17. Red1 Rf6 18. Qh3 Rh6 19. Qf5 fxe3 20. fxe3 Qe7 21. Qxd5 Re8 22. e4 Bd6 23. e5 c5 24. Bb5 Rf8 25. Kd3 cxd4 26. Qxd4 Bc5 27. Qe4 Rd8+ 28. Kc2 Rc8 29. Kb1 Qe6 30. Bc4 Qe7 31. Ba6 Rf8 32. Bb5 Rh5 33. Rd7 Qe6 34. h3 Rh6 35. Ng5 Qe8 36. Rcd1 Be7 37. Nf3 Qf7 38. Bc4 Qe8 39. Rxa7 b5 40. Bb3 Rg6 41. Bc2 Rxg2 42. Qxh7# 1-0